| 000 | 00497 a2200157 4500 | ||
|---|---|---|---|
| 999 |
_c685 _d685 |
||
| 008 | 220921b ||||| |||| 00| 0 eng d | ||
| 020 | _a9788180549397 | ||
| 082 | 0 | 0 |
_a657 _bM2147 |
| 100 |
_aMaheshwari, S. N. _94977 |
||
| 245 |
_aPrinciples of management accounting, Vol. II / _cby S.N. Maheshwari and Sharad K. Maheshwari |
||
| 260 |
_aNew Delhi: _bSultan Chand & Sons, _c2015. |
||
| 300 | _aS.1, 6 p. | ||
| 650 | 0 | _aManagerial accounting | |
| 700 |
_aMaheshwari, Sharad K. _95219 |
||
| 942 |
_2ddc _cBK |
||